|
|
|
|
| LEADER |
04822nam a22003613i 4500 |
| 001 |
EBC7107140 |
| 003 |
MiAaPQ |
| 005 |
20231204023228.0 |
| 006 |
m o d | |
| 007 |
cr cnu|||||||| |
| 008 |
231204s2020 xx o ||||0 eng d |
| 020 |
|
|
|a 9788395669699
|q (electronic bk.)
|
| 035 |
|
|
|a (MiAaPQ)EBC7107140
|
| 035 |
|
|
|a (Au-PeEL)EBL7107140
|
| 035 |
|
|
|a (OCoLC)1350688283
|
| 040 |
|
|
|a MiAaPQ
|b eng
|e rda
|e pn
|c MiAaPQ
|d MiAaPQ
|
| 100 |
1 |
|
|a Jozef, Hraska.
|
| 245 |
1 |
0 |
|a Proceedings of the EnviBUILD 2019 :
|b Buildings and Environment.
|
| 250 |
|
|
|a 1st ed.
|
| 264 |
|
1 |
|a Warschau/Berlin :
|b Walter de Gruyter GmbH,
|c 2020.
|
| 264 |
|
4 |
|c ©2020.
|
| 300 |
|
|
|a 1 online resource (230 pages)
|
| 336 |
|
|
|a text
|b txt
|2 rdacontent
|
| 337 |
|
|
|a computer
|b c
|2 rdamedia
|
| 338 |
|
|
|a online resource
|b cr
|2 rdacarrier
|
| 505 |
0 |
|
|a Intro -- AGRO-BUILDING CLUSTERS FOR SOLUTION CRITICAL CHALLENGES OF SUSTAINABLE DEVELOPMENT -- NUMERICAL THERMAL ANALYSIS OF WALL STRUCTURE FOR SUSTAINABLE BUILDINGS -- INFLUENCE OF ELECTROSTATIC CHARGE ON AIR-CONDITIONING FILTERS FROM NANOFIBROUS STRUCTURES -- CFD SIMULATION, CHANGE OF WIND VELOCITY THROUGH NETTING AS PERFORATED BARRIER -- OPTIMIZATION OF BIOCOMPOSITE MATERIALS FOR OUTER SHELL OF BUILDINGS -- EVALUATION OF THERMAL COMFORT IN MODERN SMALL UNIVERSITY LECTURE HALL IN RELATION TO AIR CONDITIONING SYSTEM -- SOLAR IRRADIANCE AVAILABILITY BASED ON BRATISLAVA MEASUREMENTS -- THE REFURBISHMENT OF TOP LIGHTING AND ITS IMPACT ON THE VISUAL ENVIRONMENT IN THE INDUSTRIAL HALL : A CASE STUDY -- The parameters evaluation of the indoor environment of the office building -- PREVENTION OF OVERHEATING RISK: ASSESSMENT OF A BUILDING PROJECT WITH LIGHTWEIGHT CONSTRUCTION IN AUSTRIA -- PERFORMANCE-BASED RETROFIT CONSIDERATIONS FOR PREFABRICATED BUILDINGS: A CASE STUDY OF ZAGREB, CROATIA -- EXTERNAL PRESSURES DISTRIBUTION ON TENSIONED MEMBRANE ROOFS -- TESTING OF THE SOLAR HEAT GAIN COEFFICIENT OF FENESTRATION PRODUCT -- OBTAINING THE SHORT-WAVE RADIATION ABSORPTIVITY BASED ON THE SURFACE TEMPERATURE MEASUREMENT AND HAM SIMULATION -- ANALYSIS OF HYGROTHERMAL PERFORMANCE OF SELECTED LIGHT-WEIGHT WOODEN ENVELOPE -- REGIONAL AND LOCAL IDENTITY IN BUILT ENVIRONMENT AND MATERIAL CULTURE AS IMPORTANT PART OF SOCIAL AND CULTURAL SUSTAINABILITY AND WELLBEING -- NUMERICAL AND MEASUREMENT INVESTIGATION OF THE THERMAL BRIDGE CAUSED BY THE PIPE PASSING THROUGH THE INSULATED WALL -- SIMPLIFIED ANALYTICAL MODEL FOR THE INVESTIGATION OF THE TRANSIENT THERMAL BEHAVIOR OF THE HEATING RADIANT SLAB -- THE ENVIRONMETAL ASPECT OF ETICS REGULAR MAINTENANCE -- LIFE-CYCLE AND HYGROTHERMAL BASED OPTIMIZATION OF INSULATION FILLED MASONRY BLOCKS.
|
| 505 |
8 |
|
|a DESIGN ASSESSMENT OF PITCHED ROOFS WITH HEAVY STRUCTURE USING THE CTF METHOD -- STUDY OF SUMMER OVERHEATING ON THE NEW MASONRY SELF-INSULATING BLOCK -- FLAMMABLE REFRIGERANTS IN BUILDINGS FROM FIRE SAFETY POINT OF VIEW -- DEVELOPMENT OF 3D PRINTING TECHNOLOGY: MATERIALS, STRUCTURAL ELEMENTS, EQUIPMENT -- QUANTITATIVE DESIGN METHODS OF CORROSION PROTECTION THE REINFORCED CONCRETE STRUCTURES AT THE STAGES OF THE LIFE CYCLE -- THE QUALITY OF DAYLIGHT IN VARIOUS TYPES OF RESIDENTIAL BUILDINGS -- EVALUATION OF ENERGY SOURCES OF AN OFFICE BUILDING - A CASE STUDY -- A REVIEW OF THE EVA - PROJECT: EVALUATION OF VISONARY ARCHITECTURAL CONCEPTS IN VIEW OF BUILDING PERFORMANCE -- PCMS IN BUILDINGS: COMPATIBILITY WITH CONTAINER MATERIALS AND ANALYSIS OF ENVIRONMENTAL IMPACTS -- IMPACT OF THE INSTALLED INLET VENTILATION UNIT IN THE WINDOW ON ITS OVERALL AERODYNAMIC AND THERMAL PROPERTIES -- EVALUATION OF THE KUNERT'S GLAZING IN SUMMER AND WINTER CLIMATIC CONDITION IN SLOVAKIA -- HYGROTHERMAL MONITORING OF A DOUBLE-SKIN VENTILATED COLD FLAT ROOF -- INTERDISCIPLINARY DISCUSSIONS ON SUSTAINABLE USE OF WOOD STRUCTURE AND FIRE RISK - SITUATIONS IN JAPAN AND AUSTRIA - -- CASE STUDY OF APPLICATION OF CAPILLARY ACTIVE THERMAL INSULATION SYSTEMS USED AS AN INTERIOR INSULATION FOR HISTORICAL BUILDINGS -- THE MODULAR SWIMMING HALL BUILDING DESIGNS BY F.F. GRÜNBERGER - AN INQUIRY INTO THE BUILDING PERFORMANCE OF VIENNA'S DISTRICT BATHS -- SIMULATION-BASED PERFORMANCE COMPARISON OF FAÇADE CONSTRUCTIONS: VACUUM GLAZING VERSUS COMMON INSULATION GLASS.
|
| 588 |
|
|
|a Description based on publisher supplied metadata and other sources.
|
| 590 |
|
|
|a Electronic reproduction. Ann Arbor, Michigan : ProQuest Ebook Central, 2023. Available via World Wide Web. Access may be limited to ProQuest Ebook Central affiliated libraries.
|
| 655 |
|
4 |
|a Electronic books.
|
| 776 |
0 |
8 |
|i Print version:
|a Jozef, Hraska
|t Proceedings of the EnviBUILD 2019
|d Warschau/Berlin : Walter de Gruyter GmbH,c2020
|
| 797 |
2 |
|
|a ProQuest (Firm)
|
| 856 |
4 |
0 |
|u https://ebookcentral.proquest.com/lib/matrademy/detail.action?docID=7107140
|z Click to View
|